Normal view
MARC view
- Criminology
Entry Topical Term
001 - CONTROL NUMBER
- control field: 41455
003 - CONTROL NUMBER IDENTIFIER
- control field: OSt
005 - DATE AND TIME OF LATEST TRANSACTION
- control field: 20200131151850.0
008 - FIXED-LENGTH DATA ELEMENTS
- fixed length control field: 200131|| aca||aabn | a|a d
040 ## - CATALOGING SOURCE
- Original cataloging agency: OSt
- Transcribing agency: OSt
150 ## - HEADING--TOPICAL TERM
- Topical term or geographic name entry element: Criminology
- Form subdivision: Criminology
- General subdivision: Undergaduate thesis:
670 ## - SOURCE DATA FOUND
- Source citation: Work cat.: (OSt): Richard John M. Narca 41454, Bank security practices and preparedness against robbery in Digos City:, July 2014
